000
00352nam a2200133Ia 4500
008
230718s9999 xx 000 0 und d
082
_a
320.41
_b
جد-ج
100
_a
جدا فرمت
245
0
_a
جدید حکو سنیں مکوسیں
260
_a
Pakistan
_b
اُردو بازار لاہور
_c
2009
300
_a
480
650
_a
Law
999
_c
26272
_d
26272